| 000 | 00470nam a2200193Ia 4500 | ||
|---|---|---|---|
| 003 | OSt | ||
| 005 | 20260123104441.0 | ||
| 008 | 250729s2003 xx 000 0 und d | ||
| 040 | _cAL | ||
| 041 | _aeng | ||
| 082 | _a020.2 GOKE | ||
| 100 |
_aGovt of Karnataka _9227880 |
||
| 245 | _aEnglish reader Ist language 10th standard | ||
| 260 |
_aBangalore _c2003 |
||
| 300 | _a162p | ||
| 650 |
_aEnglish _9227881 |
||
| 700 |
_aGoo Digumurthi _9227882 |
||
| 942 |
_2ddc _cBED |
||
| 999 |
_c237807 _d237807 |
||